[Event "Asti op 4th"]
[Site "Asti"]
[Date "2009.04.17"]
[Round "2"]
[White "Quirico, Paolo"]
[Black "Bertuca, Gianluca"]
[Result "1-0"]
[WhiteElo "2096"]
[BlackElo "1524"]
[PlyCount "95"]
[EventDate "2009.04.16"]
[EventType "swiss"]
[EventRounds "6"]
[EventCountry "ITA"]
[SourceTitle "CBM 130 Extra"]
[Source "ChessBase"]
[SourceDate "2009.07.02"]
[SourceVersion "2"]
[SourceVersionDate "2009.07.15"]
[SourceQuality "1"]

1. d4 d5 2. Bf4 Nf6 3. e3 Bg4 4. f3 Bf5 5. c4 e6 6. Nc3 c6 7. Qb3 b6 8. Rc1 Bd6 9. Bxd6 Qxd6 10. c5 Qd8 11. cxb6 axb6 12. Nge2 0-0 13. Ng3 Re8 14. Be2 Nbd7 15. 0-0 c5 16. Nxf5 c4 17. Nh6+ gxh6 18. Qd1 Kh8 19. e4 h5 20. e5 Ng8 21. f4 Nh6 22. Bxh5 Ra5 23. Qe1 b5 24. a3 Rg8 25. Rf3 Qb6 26. Ne2 Raa8 27. Rh3 Rg7 28. Bf3 Nf5 29. Rd1 Rag8 30. Qd2 Nf8 31. Kf2 Ng6 32. Rg1 Ngh4 33. g4 Nxf3 34. Kxf3 Ne7 35. Rh6 Rb8 36. f5 Ng8 37. f6 Rg6 38. Rh5 Nxf6 39. exf6 Rxf6+ 40. Kg2 Rg8 41. Kh1 Qd6 42. Qe3 b4 43. axb4 Qxb4 44. Qe5 Rgg6 45. g5 Kg8 46. gxf6 Rxg1+ 47. Kxg1 Qe1+ 48. Kg2 1-0